00249 a2200109 4500001000700000020000600007040001100013100003500024240003800059245003300097362000900130177393 a  cMagnum aAguiar, Katia Valeria Ferreira10aComunicacao e integracao/v.1lpor10aComunicacao e integracao/v.10 a1899